Catarro a la pimienta (y otras historias de Franz)/ (Registro nro. 9536)

Detalles MARC
000 -LIDER
fixed length control field 00985nam a22003375b 4500
001 - NÚMERO DE CONTROL
Identificador de número de control 2675
003 - IDENTIFICACDOR DE NÚMERO DE CONTROL
control field DO-SdBNP
005 - DATE AND TIME OF LATEST TRANSACTION
control field 20180221102701.0
007 - CAMPOS FIJOS DE DESCRIPCIÓN FÍSICA
fixed length control field 2675
008 - ELEMENTOS DE LONGITUD FIJA
fixed length control field 921008s1994 sp a |||| ||spa
016 7# - NO. DE CONTROL DE LA AGENCIA BIB. NACIONAL
Record control number
Source BPMSU
017 ## - NÚMERO DE REGISTRO DE DERECHOS DE AUTOR
Copyright or legal deposit number
Assigning agency
020 ## - ISBN
International Standard Book Number 8434836769
035 ## - NÚMERO LOCAL
System control number
040 ## - FUENTE DE CATALOGACIÓN
Agencia que crea de manera original el registro BPMSU
Idioma de catalogación spa
Agencia que realiza la transcripción PMSU
Convenciones de la despripción
041 1# - CÓDIGOS DE OBRAS TRADUCIDAS O EN VARIOS IDIOMAS
Código del idioma del texto/archivo de sonido o separata spa
Cód. del idioma original y/o traducciones intermedias del texto
080 #0 - NÚMERO DE CLASIFICACIÓN DECIMAL UNIVERSAL
Universal Decimal Classification number
100 1# - ASIENTO PRINCIPAL -- NOMBRE PERSONAL
Nombre personal Nöstlinger, Christine
Fechas asociadas con el nombre 1936-
240 1# - TITULO UNIFORME
Título uniforme Krankengeschichten von Franz /
Idioma de una obra ale.
245 10 - MENCIÓN DE TITULO
Título Catarro a la pimienta (y otras historias de Franz)/
Mención de responsabilidad Christine Nöstlinger ; traducción Asun Balzola
Medio (Designación general de material)
250 ## - MENCIÓN DE EDICION
Mención de edición 3a. ed.
260 ## - PUBLICACIÓN, DISTRIBUCIÓN, ETC. (PIE DE IMPRENTA)
Lugar de publicación, distribución, etc Madrid :
Nombre del editor, distribuidor, etc. SM
Fecha de publicación, distribución, etc 1994
300 ## - DESCRIPCIÓN FÍSICA
Extensión 77 p. :
Otros detalles físicos il.,
Dimensiones 19 cm
490 0# - MENCIÓN DE SERIES
Mención de serie El barco de vapor
Volume/sequential designation
Mención de serie Serie azul
Volume/sequential designation 42
521 ## - TARGET AUDIENCE NOTE
Target audience note A partir de 7 años.
700 1# - ASIENTO SECUNDARIO -- NOMBRE PERSONAL
Nombre personal Balzola, Asun
Fechas asociadas con el nombre 1942-2006
Mención de responsabilidad tr.
830 #0 - ASIENTO SECUNDARIO DE SERIE--TÍTULO UNIFORME
Título uniforme El barco de vapor
Volume number/sequential designation 42
Nombre de la parte o sección de una obra Serie azul
942 ## - ADDED ENTRY ELEMENTS (KOHA)
Source of classification or shelving scheme Dewey Decimal Classification
Koha item type Libros
945 ## - INFORMACIÓN DE PROCESAMIENTO LOCAL
Información de procesamiento local Inventariado, 2018/ YL
956 ## - LOCAL ELECTRONIC LOCATION AND ACCESS (OCLC)
Nombre de host VMATEO
Método de acceso 10
Materiales especificados 20160404
Enlace BPMSU
Campo enlazado y núm. de secuencia 00069
Existencias
Withdrawn status Lost status Source of classification or shelving scheme Damaged status Not for loan Collection code Home library Current library Date acquired Source of acquisition Total Checkouts Barcode Date last seen Price effective from Koha item type
    Dewey Decimal Classification     Colección Infantil General Biblioteca Pública Metropolitana Salomé Ureña Biblioteca Pública Metropolitana Salomé Ureña 04/05/2016 FUNDI   BPMSU16040085 04/05/2016 04/05/2016 Libros